| 000 | 00525nam a2200157Ia 4500 | ||
|---|---|---|---|
| 008 | 230907s9999||||xx |||||||||||||| ||und|| | ||
| 082 |
_a621.042 _bZEE |
||
| 100 |
_aMuhammad Zeeshan Abid (0000275976) _9116552 |
||
| 245 | 0 | _aDesign, sizing and economic feasibility of a hybrid PV/diesel/Battery based water pumping system for farmland / | |
| 260 |
_aUSPCAS-E, NUST, _bIslamabad : _c2021 |
||
| 300 | _ax, 85 p. | ||
| 520 | _aTH-252 | ||
| 650 | _aMS EEP Thesis MS Thesis | ||
| 700 | _aDr Muhammad Yousif | ||
| 942 |
_cTHE _2ddc |
||
| 999 |
_c601930 _d601930 |
||